[Event "Budapest Spring op 11th"]
[Site "Budapest"]
[Date "1995.??.??"]
[Round "?"]
[White "Gonzalez Garcia, Jose"]
[Black "Lehmann, Heinz"]
[Result "1-0"]
[WhiteElo "2360"]
[BlackElo "2300"]
[PlyCount "65"]
[EventDate "1995.03.??"]
[EventType "swiss"]
[EventRounds "9"]
[EventCountry "HUN"]
[SourceTitle "EXT 1997"]
[Source "ChessBase"]
[SourceDate "1996.11.15"]
[SourceVersion "1"]
[SourceVersionDate "1996.11.15"]
[SourceQuality "1"]

1. d4 Nf6 2. c4 g6 3. Nc3 Bg7 4. e4 d6 5. Be2 0-0 6. Nf3 e5 7. 0-0 exd4 8. Nxd4 Re8 9. f3 Nc6 10. Be3 Bd7 11. Qd2 a6 12. Nc2 Rb8 13. Bg5 Qc8 14. Rac1 Nd8 15. Nd5 Nxd5 16. cxd5 f6 17. Bf4 Nf7 18. Ne3 Qd8 19. Rc2 f5 20. exf5 Bxf5 21. Nxf5 gxf5 22. Bd3 Qd7 23. Rfc1 Rbc8 24. Qb4 Ne5 25. Bf1 Ng6 26. Bg5 Bh8 27. Rd1 b5 28. Be2 Ne5 29. Kh1 Rb8 30. b3 Qf7 31. Qh4 Bg7 32. Be3 Ng6 33. Qf2 1-0

[Event "Budapest FS11 IM-A"]
[Site "Budapest"]
[Date "1994.??.??"]
[Round "10"]
[White "Boros, Daniel"]
[Black "Lehmann, Heinz"]
[Result "0-1"]
[WhiteElo "2260"]
[BlackElo "2290"]
[PlyCount "88"]
[EventDate "1994.11.??"]
[EventType "tourn"]
[EventRounds "11"]
[EventCountry "HUN"]
[EventCategory "2"]
[SourceTitle "EXT 1997"]
[Source "ChessBase"]
[SourceDate "1996.11.15"]
[SourceVersion "1"]
[SourceVersionDate "1996.11.15"]
[SourceQuality "1"]

1. e4 c5 2. Nf3 Nc6 3. d4 cxd4 4. Nxd4 g6 5. c4 Bg7 6. Be3 Nf6 7. Nc3 Ng4 8. Qxg4 Nxd4 9. Qd1 Ne6 10. Rc1 Qa5 11. Bd3 b6 12. 0-0 Bb7 13. f4 d6 14. Qd2 Nc5 15. Bb1 0-0 16. Bd4 Bxd4+ 17. Qxd4 Ne6 18. Qd3 Rac8 19. b3 Qc5+ 20. Kh1 Qd4 21. Qh3 Qg7 22. f5 Nc5 23. Rce1 Rfe8 24. Re3 Rcd8 25. Nb5 a5 26. Nc7 Rf8 27. Qh4 Qf6 28. Qe1 Qe5 29. Nd5 Nd7 30. Rff3 e6 31. Nc3 Nf6 32. Rh3 Rde8 33. Nb5 exf5 34. Nc7 Bxe4 35. Nxe8 Rxe8 36. Bxe4 Nxe4 37. Rhf3 f4 38. Re2 Ng3+ 39. hxg3 Qxe2 40. Qxe2 Rxe2 41. gxf4 Rxa2 42. Rd3 Ra3 43. Kh2 a4 44. Rxd6 Rxb3 0-1

[Event "Budapest FS06 IM-A"]
[Site "Budapest"]
[Date "1994.??.??"]
[Round "1"]
[White "Eperjesi, Laszlo"]
[Black "Lehmann, Heinz"]
[Result "1/2-1/2"]
[WhiteElo "2340"]
[BlackElo "2280"]
[PlyCount "92"]
[EventDate "1994.06.??"]
[EventType "tourn"]
[EventRounds "13"]
[EventCountry "HUN"]
[EventCategory "2"]
[SourceTitle "EXT 1997"]
[Source "ChessBase"]
[SourceDate "1996.11.15"]
[SourceVersion "1"]
[SourceVersionDate "1996.11.15"]
[SourceQuality "1"]

1. d4 Nf6 2. Nf3 g6 3. Bg5 Bg7 4. Nbd2 0-0 5. c3 d6 6. e3 Nbd7 7. Bc4 Qe8 8. 0-0 e5 9. dxe5 dxe5 10. e4 h6 11. Bh4 Nb6 12. Bb3 a5 13. a4 Nh5 14. Re1 Nf4 15. Nc4 Nxc4 16. Bxc4 g5 17. Bg3 Bg4 18. Re3 Qc6 19. Bb5 Qe6 20. Qc2 Rad8 21. Nd2 c6 22. Bf1 Qd7 23. Nc4 Bd1 24. Qc1 Qc7 25. b4 axb4 26. cxb4 Rd4 27. Qc3 Rfd8 28. a5 Bg4 29. f3 Be6 30. Bf2 Bxc4 31. Bxc4 Rd1+ 32. Re1 Rxa1 33. Rxa1 Qd6 34. Bf1 Qd2 35. Qxd2 Rxd2 36. a6 bxa6 37. Be1 Rc2 38. Rxa6 Bf8 39. g3 Ne6 40. Bd3 Rc1 41. Kf2 Nd4 42. Bd2 Rd1 43. Ke3 Nxf3 44. Bc3 Nd4 45. Bxd4 exd4+ 46. Kxd4 Bxb4 1/2-1/2

[Event "Budapest FS11 IM-A"]
[Site "Budapest"]
[Date "1994.??.??"]
[Round "3"]
[White "Kecskes, Gabor"]
[Black "Lehmann, Heinz"]
[Result "0-1"]
[WhiteElo "2110"]
[BlackElo "2290"]
[PlyCount "68"]
[EventDate "1994.11.??"]
[EventType "tourn"]
[EventRounds "11"]
[EventCountry "HUN"]
[EventCategory "2"]
[SourceTitle "EXT 1997"]
[Source "ChessBase"]
[SourceDate "1996.11.15"]
[SourceVersion "1"]
[SourceVersionDate "1996.11.15"]
[SourceQuality "1"]

1. d4 d5 2. c4 c6 3. Nf3 Nf6 4. Nc3 dxc4 5. a4 Bg4 6. Ne5 Bh5 7. g3 e6 8. Bg2 Bb4 9. Nxc4 0-0 10. 0-0 Nd5 11. Qd3 Nd7 12. a5 Be7 13. Na2 b5 14. axb6 axb6 15. Bd2 b5 16. Ne3 Qb6 17. Nc2 Rfd8 18. e4 N5f6 19. Nab4 e5 20. Rxa8 Rxa8 21. dxe5 Nxe5 22. Qc3 Nc4 23. e5 Nxd2 24. Qxd2 Rd8 25. Qg5 h6 26. Qc1 Nd5 27. Nxd5 cxd5 28. Ne3 d4 29. Nd5 Qc5 30. b4 Qxc1 31. Nxe7+ Kf8 32. Ng6+ Bxg6 33. Rxc1 d3 34. Rd1 d2 0-1

[Event "Budapest FS06 IM-A"]
[Site "Budapest"]
[Date "1994.??.??"]
[Round "9"]
[White "Lehmann, Heinz"]
[Black "Acs, Peter"]
[Result "1/2-1/2"]
[WhiteElo "2280"]
[BlackElo "2215"]
[PlyCount "174"]
[EventDate "1994.06.??"]
[EventType "tourn"]
[EventRounds "13"]
[EventCountry "HUN"]
[EventCategory "2"]
[SourceTitle "EXT 1997"]
[Source "ChessBase"]
[SourceDate "1996.11.15"]
[SourceVersion "1"]
[SourceVersionDate "1996.11.15"]
[SourceQuality "1"]

1. d4 d5 2. c4 c6 3. Nc3 Nf6 4. e3 a6 5. Nf3 e6 6. Qc2 Nbd7 7. Be2 dxc4 8. Bxc4 b5 9. Be2 Bb7 10. 0-0 c5 11. Rd1 Qc7 12. dxc5 Bxc5 13. Bd2 0-0 14. Rac1 Rac8 15. Qb1 Qb8 16. Be1 Nb6 17. Ng5 Be7 18. Bf3 Bxf3 19. Nxf3 Nc4 20. Ne2 Nd5 21. b3 Ne5 22. Nxe5 Qxe5 23. Nd4 Qh5 24. Nc6 Bf6 25. g3 Qf3 26. e4 Ne7 27. Rd3 Qh5 28. Nxe7+ Bxe7 29. Rd7 Ba3 30. Rxc8 Rxc8 31. Qd3 h6 32. Kg2 Qe5 33. Bd2 Bb2 34. Bf4 Qc5 35. Qf3 Qc6 36. Rd6 Qb7 37. Qd3 e5 38. Be3 Ba3 39. Rd7 Qc6 40. Rd5 f6 41. Qe2 Qe6 42. Qd1 Bf8 43. h4 Rc6 44. Kg1 Qe7 45. Qg4 Qe6 46. Qxe6+ Rxe6 47. Rd8 Rc6 48. Ra8 Kf7 49. h5 Ba3 50. Ra7+ Kf8 51. Kg2 Bb2 52. Kf3 Bd4 53. Bxd4 exd4 54. Rd7 Rc2 55. Rxd4 Rxa2 56. b4 Ke7 57. Ke3 Rb2 58. f3 Rb3+ 59. Kf4 Ke6 60. Kg4 Rb1 61. f4 Rb3 62. Kh3 Ra3 63. Rd2 Re3 64. Rd4 Rb3 65. Kg4 Rc3 66. Rd2 Rc6 67. Ra2 Rb6 68. Kf3 Rc6 69. Ra3 Ke7 70. Ke3 Rc4 71. Rxa6 Rxb4 72. Ra7+ Kf8 73. Kf3 Rc4 74. Rb7 b4 75. f5 Kg8 76. g4 Rc3+ 77. Kf4 b3 78. Rb4 Kf7 79. e5 fxe5+ 80. Kxe5 Re3+ 81. Kf4 Rc3 82. g5 hxg5+ 83. Kxg5 Rg3+ 84. Kf4 Rh3 85. Rb7+ Kf6 86. Rb6+ Kf7 87. Kg5 Rc3 1/2-1/2

[Event "Berliner Sommer 12th"]
[Site "Berlin"]
[Date "1994.??.??"]
[Round "?"]
[White "Lehmann, Heinz"]
[Black "Bagirov, Vladimir"]
[Result "1/2-1/2"]
[WhiteElo "2290"]
[BlackElo "2510"]
[PlyCount "77"]
[EventDate "1994.08.??"]
[EventType "swiss"]
[EventRounds "9"]
[EventCountry "GER"]
[SourceTitle "EXT 1997"]
[Source "ChessBase"]
[SourceDate "1996.11.15"]
[SourceVersion "1"]
[SourceVersionDate "1996.11.15"]
[SourceQuality "1"]

1. d4 d5 2. c4 e6 3. Nc3 c6 4. e3 Nd7 5. Nf3 f5 6. Bd3 Nh6 7. b3 Bd6 8. Bb2 0-0 9. Qc2 Qe7 10. 0-0-0 a6 11. Kb1 b5 12. cxd5 cxd5 13. h3 Bb7 14. Rc1 Rac8 15. Qd1 Nf6 16. Ne5 Ne4 17. Qe2 Nf7 18. Nxf7 Qxf7 19. Rc2 Rce8 20. Rd1 g5 21. f3 Ng3 22. Qf2 h5 23. Ne2 h4 24. Nxg3 hxg3 25. Qe1 Qe7 26. Rdc1 Rf7 27. e4 Bf4 28. Rd1 Qd7 29. Re2 Rc8 30. e5 Qd8 31. Bc3 Qb6 32. Ba5 Qa7 33. Rc2 Rxc2 34. Bxc2 Qa8 35. Bd2 Bxd2 36. Rxd2 f4 37. Qe2 Qf8 38. Qd3 Rg7 39. Qc3 1/2-1/2

[Event "Budapest Spring op 10th"]
[Site "Budapest"]
[Date "1994.??.??"]
[Round "3"]
[White "Lehmann, Heinz"]
[Black "Horvath, Csaba"]
[Result "0-1"]
[WhiteElo "2280"]
[BlackElo "2535"]
[PlyCount "82"]
[EventDate "1994.03.??"]
[EventType "swiss"]
[EventRounds "9"]
[EventCountry "HUN"]
[SourceTitle "EXT 1997"]
[Source "ChessBase"]
[SourceDate "1996.11.15"]
[SourceVersion "1"]
[SourceVersionDate "1996.11.15"]
[SourceQuality "1"]

1. d4 Nf6 2. Nf3 c5 3. c3 Qa5 4. e3 g6 5. Nbd2 d6 6. Bd3 Bg7 7. 0-0 0-0 8. Nc4 Qc7 9. a4 b6 10. e4 cxd4 11. Nxd4 Bb7 12. Re1 Nbd7 13. f3 a6 14. Bg5 b5 15. axb5 axb5 16. Na3 b4 17. Ndb5 Qb8 18. cxb4 d5 19. exd5 Nxd5 20. Qd2 Be5 21. g3 N7b6 22. Rad1 Ra4 23. f4 Bg7 24. Bxe7 Nxe7 25. Rxe7 Nd5 26. Rxb7 Qxb7 27. Bc2 Rxa3 28. Nxa3 Qb6+ 29. Qf2 Ne3 30. Rd3 Re8 31. Ba4 Ra8 32. Nc2 Rxa4 33. Rxe3 Qc6 34. Qe2 Bxb2 35. Re8+ Kg7 36. Qe4 Qd7 37. f5 gxf5 38. Qe2 Ra2 39. Re7 Qd5 40. Rc7 Bd4+ 41. Nxd4 Qxd4+ 0-1

[Event "Budapest FS06 IM-A"]
[Site "Budapest"]
[Date "1994.??.??"]
[Round "2"]
[White "Lehmann, Heinz"]
[Black "Mozes, Ervin"]
[Result "1-0"]
[WhiteElo "2280"]
[BlackElo "2385"]
[PlyCount "67"]
[EventDate "1994.06.??"]
[EventType "tourn"]
[EventRounds "13"]
[EventCountry "HUN"]
[EventCategory "2"]
[SourceTitle "EXT 1997"]
[Source "ChessBase"]
[SourceDate "1996.11.15"]
[SourceVersion "1"]
[SourceVersionDate "1996.11.15"]
[SourceQuality "1"]

1. Nf3 f5 2. d4 d6 3. Nc3 Nf6 4. Bg5 c6 5. Bxf6 gxf6 6. e4 Qb6 7. Rb1 fxe4 8. Nxe4 Bg4 9. c3 Nd7 10. Bd3 0-0-0 11. h3 Be6 12. Qe2 Bxa2 13. Ra1 Bf7 14. 0-0 d5 15. Ned2 e6 16. b4 Bd6 17. c4 Bb8 18. c5 Qc7 19. b5 Rde8 20. bxc6 bxc6 21. Rfb1 Kd8 22. Ba6 Ke7 23. g3 Kf8 24. Rb7 Qd8 25. Qe3 Kg7 26. Nh4 Rhg8 27. Bd3 Kh8 28. Rab1 Rg7 29. Bc2 f5 30. Ng2 Bg6 31. Nf4 Qg5 32. Nxg6+ Qxg6 33. Rxd7 f4 34. Bxg6 1-0

[Event "Berliner Sommer 12th"]
[Site "Berlin"]
[Date "1994.??.??"]
[Round "?"]
[White "Lehmann, Heinz"]
[Black "Raetsky, Alexander"]
[Result "0-1"]
[WhiteElo "2290"]
[BlackElo "2450"]
[PlyCount "120"]
[EventDate "1994.08.??"]
[EventType "swiss"]
[EventRounds "9"]
[EventCountry "GER"]
[SourceTitle "EXT 1997"]
[Source "ChessBase"]
[SourceDate "1996.11.15"]
[SourceVersion "1"]
[SourceVersionDate "1996.11.15"]
[SourceQuality "1"]

1. d4 d5 2. c4 e5 3. e3 exd4 4. exd4 Nf6 5. Nc3 Be7 6. Nf3 0-0 7. h3 Re8 8. Be3 Nc6 9. Be2 dxc4 10. Bxc4 Na5 11. Bd3 Be6 12. 0-0 Bc4 13. Ne5 Bxd3 14. Qxd3 Bd6 15. Nf3 Nc6 16. Bg5 h6 17. Bh4 g5 18. Bg3 Bxg3 19. fxg3 Nh5 20. g4 Nf4 21. Qd2 Qd7 22. Rfe1 f5 23. d5 Nb4 24. gxf5 Qxf5 25. Nd4 Qd3 26. Qf2 Rf8 27. Qe3 Qxe3+ 28. Rxe3 Nbxd5 29. Nxd5 Nxd5 30. Re5 c6 31. Nf5 Kh7 32. Rae1 Rad8 33. h4 gxh4 34. Nxh4 Rd7 35. Nf5 Rdf7 36. Nd6 Rg7 37. Rf1 Rxf1+ 38. Kxf1 Rd7 39. Nf5 Kg6 40. Nh4+ Kg7 41. Ke2 Nf4+ 42. Ke3 Nd5+ 43. Ke2 Kf7 44. Rf5+ Nf6 45. Rf4 Ke6 46. Nf3 c5 47. a4 Rg7 48. Ne1 Rg4 49. Rxg4 Nxg4 50. Kd3 Kd5 51. b3 Ne5+ 52. Kd2 Kd4 53. Nc2+ Ke4 54. Ne3 h5 55. Nf1 h4 56. Ne3 b6 57. Nf1 Ng6 58. Kc2 Kd4 59. Kd2 c4 60. Kc2 Ne5 0-1

[Event "Budapest FS06 IM-A"]
[Site "Budapest"]
[Date "1994.??.??"]
[Round "11"]
[White "Lehmann, Heinz"]
[Black "Szieberth, Adam"]
[Result "1/2-1/2"]
[WhiteElo "2280"]
[BlackElo "2260"]
[PlyCount "86"]
[EventDate "1994.06.??"]
[EventType "tourn"]
[EventRounds "13"]
[EventCountry "HUN"]
[EventCategory "2"]
[SourceTitle "EXT 1997"]
[Source "ChessBase"]
[SourceDate "1996.11.15"]
[SourceVersion "1"]
[SourceVersionDate "1996.11.15"]
[SourceQuality "1"]

1. d4 d5 2. c4 dxc4 3. Nf3 a6 4. e3 Nf6 5. a4 e6 6. Bxc4 c5 7. 0-0 Nc6 8. Qe2 Qc7 9. Nc3 cxd4 10. exd4 Be7 11. Bg5 0-0 12. Rad1 Bd7 13. Ne5 Be8 14. Rfe1 Rd8 15. Nf3 h6 16. Bh4 Nh5 17. Bxe7 Nf4 18. Qe4 Nxe7 19. Ne5 Ned5 20. Nxd5 exd5 21. Qxf4 dxc4 22. Rc1 b5 23. axb5 axb5 24. Qe3 Qd6 25. Red1 f6 26. Nf3 Bh5 27. b3 Qd5 28. bxc4 bxc4 29. Qc3 Rc8 30. Rd2 Bxf3 31. Qxf3 Qxf3 32. gxf3 Rfd8 33. d5 Rc5 34. Rd4 c3 35. Rd3 c2 36. Rd2 Rdxd5 37. Rxd5 Rxd5 38. Rxc2 Rg5+ 39. Kf1 Kf7 40. Rc4 Ke6 41. h4 Rd5 42. Kg2 f5 43. Rc6+ Rd6 1/2-1/2

[Event "Budapest FS06 IM-A"]
[Site "Budapest"]
[Date "1994.??.??"]
[Round "10"]
[White "Lieb, Harald"]
[Black "Lehmann, Heinz"]
[Result "1-0"]
[WhiteElo "2275"]
[BlackElo "2280"]
[PlyCount "246"]
[EventDate "1994.06.??"]
[EventType "tourn"]
[EventRounds "13"]
[EventCountry "HUN"]
[EventCategory "2"]
[SourceTitle "EXT 1997"]
[Source "ChessBase"]
[SourceDate "1996.11.15"]
[SourceVersion "1"]
[SourceVersionDate "1996.11.15"]
[SourceQuality "1"]

1. d4 d5 2. Nf3 Nf6 3. c4 c6 4. Nc3 dxc4 5. a4 Bg4 6. Ne5 Bh5 7. g3 e6 8. Bg2 Bb4 9. 0-0 Nbd7 10. Nxc4 0-0 11. Qc2 Nb6 12. Na2 Be7 13. Rd1 Bg6 14. Qb3 Nxc4 15. Qxc4 Qd7 16. Nc3 Rfd8 17. Qb3 Nd5 18. e4 Nb4 19. a5 Rac8 20. Be3 h6 21. h3 Kh8 22. Kh2 Bf8 23. Rd2 Qe7 24. Rad1 Qc7 25. Ra1 Qe7 26. Qd1 f5 27. d5 fxe4 28. dxc6 Nxc6 29. Nxe4 Qb4 30. Nc3 Rxd2 31. Qxd2 Rd8 32. Qe2 Bd3 33. Qd2 Bf5 34. Qc1 Qe7 35. a6 Rc8 36. axb7 Qxb7 37. Rxa7 Qb8 38. Ra6 Nb4 39. Rb6 Qe5 40. Qd2 Qf6 41. Ne4 Bxe4 42. Bxe4 Rd8 43. Qc3 Qxc3 44. bxc3 Nd5 45. Bxd5 exd5 46. Bd4 Kg8 47. h4 Rd7 48. Kh3 h5 49. Re6 Kf7 50. Re5 g6 51. Re3 Bg7 52. Bxg7 Kxg7 53. Rd3 Rc7 54. Kg2 Kf6 55. Kf3 Ke5 56. Re3+ Kf5 57. Ke2 Rc4 58. Kd3 Kf6 59. Re2 Kf5 60. Rb2 Rc6 61. Rb4 Ke5 62. Rb5 Ke6 63. Ra5 Ke5 64. Ra8 Ke6 65. Re8+ Kf5 66. f3 Kf6 67. Re3 Rc4 68. f4 Kf7 69. Re5 Rc5 70. Rg5 Kf6 71. f5 gxf5 72. Rxh5 Ke6 73. Rh6+ Ke5 74. Rg6 Rc8 75. h5 Rh8 76. h6 Rh7 77. Rc6 Rh8 78. Ke3 Rh7 79. Kf3 Rh8 80. Kg2 Rg8 81. h7 Rh8 82. Rh6 Ke4 83. Kf2 Kd3 84. Kf3 Kxc3 85. Kf4 d4 86. Kxf5 d3 87. Kg6 d2 88. Rh1 Rc8 89. g4 Kd4 90. g5 Ke3 91. Rd1 Ke2 92. Rxd2+ Kxd2 93. Kh6 Ke3 94. g6 Kf4 95. g7 Rc6+ 96. Kh5 Rc5+ 97. Kg6 Rc6+ 98. Kf7 Rc7+ 99. Ke6 Rxg7 100. h8Q Rg6+ 101. Kd5 Kg4 102. Qf8 Kg5 103. Ke5 Ra6 104. Qd8+ Kh6 105. Qd2+ Kg7 106. Qg2+ Kh6 107. Qh1+ Kg5 108. Qg2+ Kh6 109. Qh3+ Kg7 110. Qg4+ Kh6 111. Qc8 Rg6 112. Qf8+ Kh7 113. Kf5 Rg5+ 114. Kf4 Rg6 115. Qf7+ Rg7 116. Qh5+ Kg8 117. Qe8+ Kh7 118. Kf5 Rg1 119. Qe7+ Kg8 120. Qd8+ Kh7 121. Qd7+ Rg7 122. Qd3 Kg8 123. Qd5+ Kh7 1-0

[Event "Budapest Spring op 10th"]
[Site "Budapest"]
[Date "1994.??.??"]
[Round "4"]
[White "Sivokho, Sergey V"]
[Black "Lehmann, Heinz"]
[Result "1-0"]
[WhiteElo "2360"]
[BlackElo "2280"]
[PlyCount "93"]
[EventDate "1994.03.??"]
[EventType "swiss"]
[EventRounds "9"]
[EventCountry "HUN"]
[SourceTitle "EXT 1997"]
[Source "ChessBase"]
[SourceDate "1996.11.15"]
[SourceVersion "1"]
[SourceVersionDate "1996.11.15"]
[SourceQuality "1"]

1. e4 c5 2. Nf3 Nc6 3. c3 Nf6 4. e5 Nd5 5. d4 cxd4 6. Bc4 Nb6 7. Bb3 d5 8. exd6 Qxd6 9. 0-0 Be6 10. Na3 Bxb3 11. axb3 e6 12. Nb5 Qd7 13. Nfxd4 Nxd4 14. Nxd4 Bc5 15. Be3 Nd5 16. Nxe6 Bxe3 17. Qxd5 fxe6 18. Qxd7+ Kxd7 19. fxe3 Ke7 20. Rf4 Rhf8 21. Rb4 b6 22. Rba4 a5 23. b4 Rfd8 24. bxa5 Rxa5 25. Rxa5 bxa5 26. Rxa5 Rd1+ 27. Kf2 Rd2+ 28. Kf3 Rxb2 29. h4 Rc2 30. Rc5 Kd6 31. Rc8 Ke5 32. Rc7 Kf6 33. c4 h5 34. Rc5 g6 35. g3 Rc1 36. Ke4 Rc3 37. Kd4 Rc1 38. Rc8 Rg1 39. Rf8+ Ke7 40. Rf3 Rc1 41. e4 Rd1+ 42. Ke5 Rc1 43. Rf6 Rxc4 44. Rxg6 Rc5+ 45. Kf4 Rc8 46. Rh6 Rc5 47. e5 1-0

[Event "Berlin Titelturnier"]
[Site "Berlin"]
[Date "1993.04.18"]
[Round "10"]
[White "Schulz, Rainer"]
[Black "Lehmann, Heinz"]
[Result "1-0"]
[WhiteElo "2265"]
[BlackElo "2320"]
[PlyCount "83"]
[EventDate "1993.04.09"]
[EventType "tourn"]
[EventRounds "11"]
[EventCountry "GER"]
[EventCategory "2"]
[SourceTitle "EXT 2007"]
[Source "ChessBase"]
[SourceDate "2006.11.23"]
[SourceVersion "1"]
[SourceVersionDate "2006.11.23"]
[SourceQuality "1"]

1. d4 Nf6 2. c4 g6 3. Nc3 d5 4. Bg5 Ne4 5. Bf4 Nxc3 6. bxc3 Bg7 7. e3 0-0 8. Nf3 c5 9. cxd5 cxd4 10. cxd4 Qxd5 11. Be2 Nc6 12. 0-0 Bf5 13. Qa4 Rfc8 14. Rfc1 Qa5 15. Qb3 Nd8 16. Bc4 Bd7 17. Ne5 Be8 18. h3 Kf8 19. Rab1 Bxe5 20. Bxe5 Rc6 21. d5 Rb6 22. Qd3 Rc8 23. Bb3 Bd7 24. Rxc8 Bxc8 25. Rc1 Bf5 26. e4 Qa3 27. Rc7 Qb4 28. f3 f6 29. Bg3 Rd6 30. Rc4 Qb6+ 31. Bf2 Qa5 32. Ra4 Qc7 33. exf5 gxf5 34. Qxf5 Nf7 35. Rxa7 Rd8 36. d6 Rxd6 37. Qxh7 e6 38. Ra8+ Ke7 39. Qg8 Rd8 40. Rxd8 Nxd8 41. Qh7+ Nf7 42. Qe4 1-0

[Event "Berlin Titelturnier"]
[Site "Berlin"]
[Date "1993.04.12"]
[Round "4"]
[White "Kauschmann, Herbert"]
[Black "Lehmann, Heinz"]
[Result "0-1"]
[WhiteElo "2220"]
[BlackElo "2320"]
[PlyCount "68"]
[EventDate "1993.04.09"]
[EventType "tourn"]
[EventRounds "11"]
[EventCountry "GER"]
[EventCategory "2"]
[SourceTitle "EXT 2007"]
[Source "ChessBase"]
[SourceDate "2006.11.23"]
[SourceVersion "1"]
[SourceVersionDate "2006.11.23"]
[SourceQuality "1"]

1. e4 c5 2. Nf3 e6 3. c3 d5 4. e5 d4 5. cxd4 cxd4 6. Bb5+ Bd7 7. Bxd7+ Qxd7 8. d3 Nc6 9. 0-0 Nge7 10. Bf4 Ng6 11. Bg3 Be7 12. Nbd2 0-0 13. Re1 Bb4 14. h4 f5 15. exf6 gxf6 16. Qb3 Rae8 17. h5 Nh8 18. Bh4 f5 19. a3 Bxd2 20. Nxd2 Nf7 21. f4 Nh6 22. Nf3 Ng4 23. Bf2 Nf6 24. h6 Ng4 25. Re2 Rf6 26. Rae1 Rxh6 27. Ng5 Ne3 28. Bxe3 dxe3 29. Rxe3 Nd4 30. Qc3 Rc8 31. Qa5 Nc2 32. Rg3 Qd4+ 33. Ree3 Nxe3 34. Nxe6+ Ng4+ 0-1

[Event "Berlin Titelturnier"]
[Site "Berlin"]
[Date "1993.04.09"]
[Round "1"]
[White "Lehmann, Heinz"]
[Black "Thiede, Lars"]
[Result "0-1"]
[WhiteElo "2320"]
[BlackElo "2250"]
[PlyCount "118"]
[EventDate "1993.04.09"]
[EventType "tourn"]
[EventRounds "11"]
[EventCountry "GER"]
[EventCategory "2"]
[SourceTitle "EXT 2007"]
[Source "ChessBase"]
[SourceDate "2006.11.23"]
[SourceVersion "1"]
[SourceVersionDate "2006.11.23"]
[SourceQuality "1"]

1. d4 Nf6 2. c4 g6 3. Nf3 Bg7 4. g3 0-0 5. Bg2 d6 6. 0-0 Nbd7 7. Nc3 e5 8. e4 exd4 9. Nxd4 Re8 10. Re1 Nc5 11. b3 a5 12. h3 c6 13. Bf4 Nh5 14. Be3 Bd7 15. Qd2 Qc7 16. Rad1 Rad8 17. Bg5 f6 18. Be3 Bf8 19. g4 Ng7 20. Bh6 Bc8 21. a3 Qf7 22. b4 axb4 23. axb4 Qxc4 24. Nc2 Nd7 25. b5 Ne5 26. Be3 Qf7 27. Qc1 h5 28. f3 hxg4 29. fxg4 Be6 30. Nd4 Bc4 31. Qb1 Ne6 32. Nf3 Ra8 33. Nxe5 dxe5 34. Qb2 Ra3 35. bxc6 bxc6 36. Rc1 Rea8 37. Ra1 Nd4 38. Rxa3 Rxa3 39. Bxd4 exd4 40. Nb1 Ra5 41. Qb6 Qa7 42. Qxc6 d3+ 43. Kh1 Qa6 44. Qe8 Bf7 45. Qd8 Ra2 46. e5 fxe5 47. Bd5 Qd6 48. Qxd6 Bxd6 49. Bxa2 Bxa2 50. Kg2 Bb4 51. Rd1 e4 52. Kf2 Bc5+ 53. Ke1 e3 54. Nc3 d2+ 55. Ke2 Bc4+ 56. Kf3 Bd4 57. Ne2 Bd5+ 58. Kf4 g5+ 59. Kxg5 Bf3 0-1

[Event "Budapest FS09 IM-A"]
[Site "Budapest"]
[Date "1993.??.??"]
[Round "?"]
[White "Bersutzki, Gregory"]
[Black "Lehmann, Heinz"]
[Result "1/2-1/2"]
[WhiteElo "2175"]
[BlackElo "2295"]
[PlyCount "109"]
[EventDate "1993.09.??"]
[EventType "tourn"]
[EventRounds "11"]
[EventCountry "HUN"]
[EventCategory "3"]
[SourceTitle "EXT 1997"]
[Source "ChessBase"]
[SourceDate "1996.11.15"]
[SourceVersion "1"]
[SourceVersionDate "1996.11.15"]
[SourceQuality "1"]

1. Nf3 g6 2. d4 Nf6 3. Bg5 Bg7 4. Nbd2 d5 5. e3 0-0 6. Be2 b6 7. 0-0 Bb7 8. h3 Nbd7 9. Bf4 Ne4 10. c4 c5 11. cxd5 Bxd5 12. Nxe4 Bxe4 13. Rc1 cxd4 14. Bc7 Qe8 15. exd4 Nf6 16. Qb3 Bd5 17. Qa3 Bh6 18. Rcd1 Qd7 19. Bh2 a5 20. Ne5 Qb7 21. Bf3 Bxf3 22. Qxf3 Qxf3 23. Nxf3 Nd5 24. Rfe1 Rfc8 25. Re2 e6 26. Ne1 b5 27. Nd3 b4 28. Bd6 Rc6 29. Bc5 Nf4 30. Nxf4 Bxf4 31. g3 Bh6 32. Kg2 Rd8 33. Be7 Rd5 34. a3 b3 35. a4 Rc2 36. Kf1 Bf8 37. Bxf8 Kxf8 38. Rd3 Rc4 39. Rxb3 Rxa4 40. Rb8+ Kg7 41. Rb7 Kf6 42. Rc2 Rf5 43. Rcc7 Kg7 44. Rc6 Rf6 45. Rd7 Rb4 46. Rc2 Rf5 47. g4 Rf3 48. Kg2 Rbb3 49. d5 exd5 50. Rxd5 a4 51. Rd4 a3 52. bxa3 Rxa3 53. h4 h6 54. Re2 Rh3 55. g5 1/2-1/2

[Event "Budapest FS09 IM-A"]
[Site "Budapest"]
[Date "1993.??.??"]
[Round "?"]
[White "Ciornei, Dragos"]
[Black "Lehmann, Heinz"]
[Result "0-1"]
[WhiteElo "2275"]
[BlackElo "2295"]
[PlyCount "78"]
[EventDate "1993.09.??"]
[EventType "tourn"]
[EventRounds "11"]
[EventCountry "HUN"]
[EventCategory "3"]
[SourceTitle "EXT 1997"]
[Source "ChessBase"]
[SourceDate "1996.11.15"]
[SourceVersion "1"]
[SourceVersionDate "1996.11.15"]
[SourceQuality "1"]

1. e4 c5 2. Nf3 Nc6 3. d4 cxd4 4. Nxd4 g6 5. Nc3 Bg7 6. Be3 Nf6 7. Bc4 Qa5 8. Nxc6 bxc6 9. 0-0 0-0 10. Bb3 d6 11. f3 Nd7 12. Qd2 Nc5 13. Bd4 Rb8 14. Bxg7 Kxg7 15. f4 Qb4 16. f5 f6 17. Rf3 Bd7 18. Rh3 g5 19. Rg3 Kh8 20. h4 gxh4 21. Rg4 Bxf5 22. Rxh4 Nxb3 23. axb3 Bg6 24. Rxa7 Rb7 25. Rxb7 Qxb7 26. Qh6 Rg8 27. Qe3 Qa6 28. Kh2 Qa5 29. Ne2 Qe5+ 30. Kh1 Ra8 31. g3 d5 32. Kh2 Bxe4 33. Qh6 Qxb2 34. Rg4 Rg8 35. Rxg8+ Kxg8 36. Qh5 Bg6 37. Qg4 Qxc2 38. b4 f5 39. Qf3 Qe4 0-1

[Event "Budapest FS09 IM-A"]
[Site "Budapest"]
[Date "1993.??.??"]
[Round "?"]
[White "Kahn, Evarth"]
[Black "Lehmann, Heinz"]
[Result "1-0"]
[WhiteElo "2390"]
[BlackElo "2295"]
[PlyCount "51"]
[EventDate "1993.09.??"]
[EventType "tourn"]
[EventRounds "11"]
[EventCountry "HUN"]
[EventCategory "3"]
[SourceTitle "EXT 1997"]
[Source "ChessBase"]
[SourceDate "1996.11.15"]
[SourceVersion "1"]
[SourceVersionDate "1996.11.15"]
[SourceQuality "1"]

1. d4 d5 2. c4 c6 3. Nf3 Nf6 4. Nc3 a6 5. c5 g6 6. Bf4 Bg7 7. e3 Nbd7 8. h3 Ne4 9. Nxe4 dxe4 10. Ng5 Nf6 11. Be5 0-0 12. Bc4 Nh5 13. Bxg7 Kxg7 14. Nxe4 f5 15. Nc3 f4 16. e4 e5 17. dxe5 Qg5 18. Qd6 Rd8 19. h4 Qxg2 20. Qxd8 Qxh1+ 21. Kd2 Qf3 22. Qe7+ Kh6 23. Bg8 Qxf2+ 24. Ne2 Qe3+ 25. Ke1 Nf6 26. exf6 1-0

[Event "Berliner Sommer 11th"]
[Site "Berlin"]
[Date "1993.??.??"]
[Round "?"]
[White "Kienast, Joerg"]
[Black "Lehmann, Heinz"]
[Result "1/2-1/2"]
[WhiteElo "2225"]
[BlackElo "2285"]
[PlyCount "91"]
[EventDate "1993.08.??"]
[EventType "swiss"]
[EventRounds "9"]
[EventCountry "GER"]
[SourceTitle "EXT 1997"]
[Source "ChessBase"]
[SourceDate "1996.11.15"]
[SourceVersion "1"]
[SourceVersionDate "1996.11.15"]
[SourceQuality "1"]

1. e4 c5 2. Nf3 Nc6 3. c3 e6 4. d4 d5 5. exd5 exd5 6. Be3 c4 7. b3 cxb3 8. axb3 Bd6 9. Be2 Nge7 10. 0-0 0-0 11. Na3 Bg4 12. Qd2 Ng6 13. h3 Bf5 14. Nb5 Be7 15. c4 Bb4 16. Qb2 a6 17. Nc3 Nce7 18. Ra4 Bd6 19. c5 Bf4 20. Bd2 Qc8 21. Qc1 Bc7 22. Re1 Bd7 23. Bf1 Bxa4 24. Nxa4 Qd7 25. Bd3 Nc6 26. Qc2 Rae8 27. Rb1 Kh8 28. h4 f5 29. b4 Qf7 30. b5 axb5 31. Rxb5 Rb8 32. Rb1 h6 33. Qd1 Qf6 34. Nc3 Nge7 35. Nb5 Rbc8 36. Nxc7 Rxc7 37. Bf4 Rd7 38. Ne5 Nxe5 39. Bxe5 Qxh4 40. Rb6 Nc6 41. Bd6 Re8 42. Bxf5 Rf7 43. Bg3 Qg5 44. Bh3 Rfe7 45. Kh2 Re1 46. Qg4 1/2-1/2